Wszystkie miasta powiatowe - Statystyki

Ogólne statystyki
  • Ten quiz został rozwiązany 21 razy
  • Średni wynik to 48 z 66
Statystyki odpowiedzi
Województwo Miasto % Poprawnych
Mazowieckie Warszawa
90%
Podlaskie Białystok
86%
War.-Mazurskie Elbląg
86%
Pomorskie Gdańsk
86%
Pomorskie Gdynia
86%
Śląskie Gliwice
86%
Lubuskie Gorzów Wielkopolski
86%
Łódzkie Łódź
86%
Lubelskie Lublin
86%
Podkarpackie Rzeszów
86%
Zach.-Pomorskie Szczecin
86%
Małopolskie Tarnów
86%
Lubuskie Zielona Góra
86%
Kuj.-Pomorskie Bydgoszcz
81%
Śląskie Bytom
81%
Śląskie Katowice
81%
Zach.-Pomorskie Koszalin
81%
Opolskie Opole
81%
Wielkopolskie Poznań
81%
Kuj.-Pomorskie Toruń
81%
Śląskie Częstochowa
76%
Świętokrzyskie Kielce
76%
Małopolskie Kraków
76%
War.-Mazurskie Olsztyn
76%
Mazowieckie Radom
76%
Śląskie Sosnowiec
76%
Podlaskie Suwałki
76%
Dolnośląskie Wałbrzych
76%
Dolnośląskie Wrocław
76%
Śląskie Bielsko-Biała
71%
Lubelskie Chełm
71%
Śląskie Chorzów
71%
Kuj.-Pomorskie Grudziądz
71%
Dolnośląskie Jelenia Góra
71%
Wielkopolskie Kalisz
71%
Dolnośląskie Legnica
71%
Podlaskie Łomża
71%
Łódzkie Piotrków Trybunalski
71%
Podkarpackie Przemyśl
71%
Śląskie Ruda Śląska
71%
Pomorskie Słupsk
71%
Pomorskie Sopot
71%
Śląskie Zabrze
71%
Śląskie Dąbrowa Górnicza
67%
Śląskie Jastrzębie-Zdrój
67%
Wielkopolskie Konin
67%
Podkarpackie Krosno
67%
Mazowieckie Ostrołęka
67%
Mazowieckie Płock
67%
Łódzkie Skierniewice
67%
Kuj.-Pomorskie Włocławek
67%
Lubelskie Zamość
67%
Śląskie Żory
67%
Lubelskie Biała Podlaska
62%
Śląskie Jaworzno
62%
Śląskie Mysłowice
62%
Małopolskie Nowy Sącz
62%
Śląskie Rybnik
62%
Mazowieckie Siedlce
62%
Zach.-Pomorskie Świnoujście
62%
Podkarpackie Tarnobrzeg
62%
Wielkopolskie Leszno
57%
Śląskie Piekary Śląskie
57%
Śląskie Tychy
57%
Śląskie Siemianowice Śląskie
52%
Śląskie Świętochłowice
48%
Nie znaleziono quizów pasujących do podanych kryteriów
Rozkład punktacji
Procent ludzi z każdym wynikiem
Percentyl według liczby udzielonych odpowiedzi
Twoja historia wyników
Nie rozwiązałeś tego quizu